00826nam a22002417a 4500003000400000005001700004008004100021010002300062020002200085035001300107037001600120040001500136082001800151100002400169245011100193260004800304270005600352300002000408500005100428650004300479650003300522700002900555dpl20180602133953.0180602b xxu||||| |||| 00| 0 eng d aB-021821, B-021825 c00.00a8171415555 aB-021821 bCen Lib/Ret aDPLbENc0 a372.3044bDUR aDurga Rani, Kalluri aEducational aspirations and scientific attitude /cby Kalluri Durga Rani; edited by Digumarti Bhaskara Rao aNew DelhibDiscovery Publishing Housec2000 bNew Delhia4831/24, Ansari Road, Darya Ganje110002 a109p.c22cm(Hb) aIncludes bibliographical references and index  aScience -- Study and teaching -- India aStudent aspirations -- India aRao, Digumarti Bhaskara